[Event "Baden-ch Seniors"]
[Site "Emmendingen"]
[Date "2012.06.10"]
[Round "9"]
[White "Eisen, Peter"]
[Black "Westphal, Gerd"]
[Result "0-1"]
[WhiteElo "1552"]
[BlackElo "1788"]
[PlyCount "104"]
[EventDate "2012.06.02"]
[EventType "swiss"]
[EventRounds "9"]
[EventCountry "GER"]
[SourceTitle "CBM 148 Extra"]
[Source "ChessBase"]
[SourceDate "2012.06.22"]
[SourceVersion "1"]
[SourceVersionDate "2012.06.22"]
[SourceQuality "1"]

1. d4 Nf6 2. c4 g6 3. Nc3 d5 4. e3 Bg7 5. Nf3 0-0 6. Be2 c6 7. 0-0 Qc7 8. cxd5 Nxd5 9. e4 Nxc3 10. bxc3 Bg4 11. h3 Bxf3 12. Bxf3 c5 13. Bb2 cxd4 14. cxd4 Nc6 15. Rc1 Qb6 16. Rb1 Nxd4 17. Bxd4 Qxd4 18. Qxd4 Bxd4 19. Rxb7 e5 20. Rfb1 Rfc8 21. Be2 Rc2 22. Kf1 Rxa2 23. Rc7 a5 24. Rxf7 Rxe2 25. Rbb7 Rxf2+ 26. Rxf2 Bxf2 27. Kxf2 a4 28. Rb5 a3 29. Rb1 h5 30. Ke3 Kf7 31. Kd3 Ra4 32. Ra1 Kf6 33. Ra2 Kg5 34. Ke3 Kh6 35. h4 Kg7 36. g3 Kf6 37. Kf3 Ke6 38. g4 hxg4+ 39. Kxg4 Rxe4+ 40. Kg5 Re3 41. Kxg6 Rg3+ 42. Kh7 e4 43. h5 Kf7 44. h6 Rd3 45. Kh8 Rd8+ 46. Kh7 Rd3 47. Kh8 e3 48. Rg2 Rd2 49. h7 Kf6 50. Rg7 e2 51. Rf7+ Kg6 52. Kg8 Rd8+ 0-1

[Event "Baden-ch Seniors"]
[Site "Emmendingen"]
[Date "2012.06.07"]
[Round "6"]
[White "Bartle, Georg"]
[Black "Westphal, Gerd"]
[Result "1/2-1/2"]
[WhiteElo "1786"]
[BlackElo "1788"]
[PlyCount "65"]
[EventDate "2012.06.02"]
[EventType "swiss"]
[EventRounds "9"]
[EventCountry "GER"]
[SourceTitle "CBM 148 Extra"]
[Source "ChessBase"]
[SourceDate "2012.06.22"]
[SourceVersion "1"]
[SourceVersionDate "2012.06.22"]
[SourceQuality "1"]

1. b4 d5 2. Bb2 b6 3. e3 Bb7 4. Nf3 Nf6 5. d4 e6 6. a3 Bd6 7. Nbd2 Nbd7 8. c4 c5 9. dxc5 bxc5 10. b5 0-0 11. Be2 a6 12. a4 Qc7 13. h3 axb5 14. axb5 Rxa1 15. Bxa1 dxc4 16. Nxc4 Be7 17. 0-0 Rd8 18. Qc1 Qb8 19. Qb2 Qa8 20. Rc1 Rb8 21. Ne1 Bc6 22. Ne5 Nxe5 23. Qxe5 Bxb5 24. Rb1 Ne8 25. Rxb5 Rxb5 26. Bxb5 Bf6 27. Qxc5 Qxa1 28. Qc8 Qxe1+ 29. Kh2 Be5+ 30. f4 Bd6 31. Bxe8 Qb4 32. Bd7+ Bf8 33. Qc1 1/2-1/2

[Event "Baden-ch Seniors"]
[Site "Emmendingen"]
[Date "2012.06.05"]
[Round "4"]
[White "Westphal, Gerd"]
[Black "Reis, Hans Helmut"]
[Result "1/2-1/2"]
[WhiteElo "1788"]
[BlackElo "2006"]
[PlyCount "75"]
[EventDate "2012.06.02"]
[EventType "swiss"]
[EventRounds "9"]
[EventCountry "GER"]
[SourceTitle "CBM 148 Extra"]
[Source "ChessBase"]
[SourceDate "2012.06.22"]
[SourceVersion "1"]
[SourceVersionDate "2012.06.22"]
[SourceQuality "1"]

1. Nf3 d5 2. c4 c6 3. e3 Bg4 4. b3 e6 5. Bb2 Nd7 6. Be2 Ngf6 7. 0-0 Bh5 8. Ne5 Bxe2 9. Qxe2 Be7 10. d3 0-0 11. Nd2 Rc8 12. a3 Nxe5 13. Bxe5 Nd7 14. Bb2 Qb6 15. Rab1 Bf6 16. Bxf6 Nxf6 17. d4 c5 18. dxc5 Qxc5 19. b4 Qc6 20. c5 b6 21. Rfc1 Qa4 22. Qd3 Rfd8 23. cxb6 axb6 24. Qb3 Qxb3 25. Nxb3 Ne4 26. Rxc8 Rxc8 27. Rc1 Rc3 28. Rxc3 Nxc3 29. Kf1 Kf8 30. Ke1 Ke7 31. Nd4 e5 32. Ne2 Nxe2 33. Kxe2 b5 34. Kd3 f5 35. f4 g6 36. h3 Kd6 37. Kc3 Ke6 38. Kd3 1/2-1/2

[Event "Baden-ch Seniors"]
[Site "Haslach im Kinzigtal"]
[Date "2010.06.05"]
[Round "8"]
[White "Mayer, Franz"]
[Black "Westphal, Gerd"]
[Result "1-0"]
[WhiteElo "1927"]
[BlackElo "1526"]
[PlyCount "59"]
[EventDate "2010.05.29"]
[EventType "swiss"]
[EventRounds "9"]
[EventCountry "GER"]
[SourceTitle "EXT 2011"]
[Source "ChessBase"]
[SourceDate "2010.11.26"]
[SourceVersion "1"]
[SourceVersionDate "2010.11.26"]
[SourceQuality "1"]

1. e4 c5 2. Nf3 Nc6 3. d4 cxd4 4. Nxd4 Nf6 5. Nc3 d6 6. Bc4 e6 7. Bb3 a6 8. a4 Qc7 9. Bg5 Be7 10. 0-0 h6 11. Bh4 Nxe4 12. Bxe7 Nxc3 13. Bxd6 Qxd6 14. bxc3 0-0 15. Nxc6 Qxc6 16. Qd3 b6 17. Rad1 Bb7 18. Qg3 Rad8 19. Rd4 Rxd4 20. cxd4 Rd8 21. c3 Rc8 22. Rc1 Qd7 23. Rd1 Qc6 24. d5 Qxc3 25. dxe6 Qf6 26. exf7+ Kf8 27. h4 g6 28. Rd6 Qa1+ 29. Kh2 Be4 30. Qf4 1-0

[Event "Baden-ch Seniors"]
[Site "Haslach im Kinzigtal"]
[Date "2010.06.04"]
[Round "7"]
[White "Slager, Anton"]
[Black "Westphal, Gerd"]
[Result "1-0"]
[WhiteElo "1929"]
[BlackElo "1526"]
[PlyCount "82"]
[EventDate "2010.05.29"]
[EventType "swiss"]
[EventRounds "9"]
[EventCountry "GER"]
[SourceTitle "EXT 2011"]
[Source "ChessBase"]
[SourceDate "2010.11.26"]
[SourceVersion "1"]
[SourceVersionDate "2010.11.26"]
[SourceQuality "1"]

1. e4 c5 2. Nf3 Nc6 3. d4 cxd4 4. Nxd4 g6 5. Nc3 Bg7 6. Be3 a6 7. Nd5 e6 8. Nxc6 dxc6 9. Bb6 Qd7 10. Nc7+ Kf8 11. Qxd7 Bxd7 12. Nxa8 Bxb2 13. Rb1 Bc3+ 14. Kd1 Kg7 15. Be3 b5 16. Nb6 Be8 17. Rb3 Bf6 18. Ra3 Ne7 19. Rxa6 h6 20. Bc5 g5 21. c4 Ng6 22. Nc8 Ne5 23. cxb5 cxb5 24. Nd6 Bc6 25. Bxb5 Bxb5 26. Nxb5 Rd8+ 27. Ke2 Rc8 28. Be3 Rc2+ 29. Bd2 Nc4 30. Rd1 g4 31. Ke1 Nb2 32. Na3 Nd3+ 33. Ke2 Nb4 34. Nxc2 Nxa6 35. a4 Nc5 36. f3 gxf3+ 37. gxf3 Nxa4 38. Rg1+ Kh7 39. Rg3 h5 40. f4 Nc5 41. e5 Be7 1-0

[Event "Baden-ch Seniors"]
[Site "Haslach im Kinzigtal"]
[Date "2010.06.02"]
[Round "5"]
[White "Buth, Lothar"]
[Black "Westphal, Gerd"]
[Result "1-0"]
[WhiteElo "1968"]
[BlackElo "1526"]
[PlyCount "71"]
[EventDate "2010.05.29"]
[EventType "swiss"]
[EventRounds "9"]
[EventCountry "GER"]
[SourceTitle "EXT 2011"]
[Source "ChessBase"]
[SourceDate "2010.11.26"]
[SourceVersion "1"]
[SourceVersionDate "2010.11.26"]
[SourceQuality "1"]

1. e4 c5 2. d4 cxd4 3. c3 Nc6 4. cxd4 Qa5+ 5. Bd2 Qb6 6. Bc3 Nf6 7. f3 d6 8. Nd2 e6 9. Nh3 Be7 10. Nf2 a6 11. Be2 Qa7 12. Nc4 b5 13. Na5 Nxa5 14. Bxa5 0-0 15. 0-0 Bd7 16. a3 Rfc8 17. Qd2 d5 18. e5 Ne8 19. g4 Rc6 20. Rac1 Rac8 21. Rxc6 Rxc6 22. Kg2 h6 23. Rh1 f6 24. Bd3 g5 25. Bb1 Ng7 26. h4 f5 27. hxg5 hxg5 28. f4 Be8 29. fxg5 Bg6 30. Rh6 Kf7 31. Nh3 Rc4 32. Bc3 b4 33. axb4 Bxb4 34. Nf4 Bxc3 35. bxc3 Qc7 36. Rxg6 1-0

[Event "Baden-ch Seniors"]
[Site "Badenweiler"]
[Date "2009.06.05"]
[Round "6"]
[White "Schneider, Klaus"]
[Black "Westphal, Gerd"]
[Result "1-0"]
[WhiteElo "1894"]
[BlackElo "1572"]
[PlyCount "106"]
[EventDate "2009.06.01"]
[EventType "swiss"]
[EventRounds "9"]
[EventCountry "GER"]
[SourceTitle "EXT 2010"]
[Source "ChessBase"]
[SourceDate "2010.11.25"]
[SourceVersion "1"]
[SourceVersionDate "2010.11.25"]
[SourceQuality "1"]

1. d4 Nf6 2. c4 g6 3. Nc3 d5 4. cxd5 Nxd5 5. e4 Nxc3 6. bxc3 c5 7. Rb1 Bg7 8. Nf3 cxd4 9. cxd4 Qa5+ 10. Qd2 Qxd2+ 11. Bxd2 0-0 12. Bb4 Nc6 13. Bc3 Rd8 14. e5 e6 15. Bc4 b6 16. 0-0 Bb7 17. Rfd1 Ne7 18. Bb3 Nd5 19. Bb2 Rac8 20. Rbc1 Nf4 21. Rxc8 Rxc8 22. Rd2 Bxf3 23. gxf3 Bh6 24. Rc2 Rxc2 25. Bxc2 Bf8 26. Kf1 Be7 27. Bc1 Nd5 28. Bd2 Kf8 29. Ke2 a6 30. a4 Ke8 31. Bd3 Nc7 32. Be4 Kd7 33. Bb7 a5 34. Be4 f6 35. f4 f5 36. Bb7 h5 37. Kd3 Nd5 38. Kc4 Bb4 39. Bxb4 Nxb4 40. Kc3 Kc7 41. Bf3 Nd5+ 42. Kc4 Nxf4 43. d5 exd5+ 44. Bxd5 Nxd5 45. Kxd5 Kd7 46. f4 Kc7 47. e6 h4 48. h3 Kd8 49. Kd6 Ke8 50. e7 g5 51. fxg5 f4 52. g6 f3 53. g7 Kf7 1-0

[Event "Baden-ch Seniors"]
[Site "Badenweiler"]
[Date "2009.06.04"]
[Round "4"]
[White "Becker, Hans Peter"]
[Black "Westphal, Gerd"]
[Result "1-0"]
[WhiteElo "1843"]
[BlackElo "1572"]
[PlyCount "113"]
[EventDate "2009.06.01"]
[EventType "swiss"]
[EventRounds "9"]
[EventCountry "GER"]
[SourceTitle "EXT 2010"]
[Source "ChessBase"]
[SourceDate "2010.11.25"]
[SourceVersion "1"]
[SourceVersionDate "2010.11.25"]
[SourceQuality "1"]

1. d4 Nf6 2. c4 g6 3. Nc3 d5 4. Nf3 Bg7 5. cxd5 Nxd5 6. Bg5 Nxc3 7. bxc3 c5 8. e3 0-0 9. Qd2 cxd4 10. cxd4 f6 11. Bh4 b6 12. Bc4+ Kh8 13. 0-0 Bb7 14. Qe2 Bd5 15. Rac1 Bxc4 16. Rxc4 a5 17. Rfc1 Na6 18. a3 Kg8 19. Rc6 Nb8 20. R6c3 Na6 21. Qb5 Ra7 22. Rc6 Qd7 23. Rxb6 Qxb5 24. Rxb5 Nc7 25. Rbb1 e6 26. Rb6 Re8 27. Rcb1 Nd5 28. Rb8 Rxb8 29. Rxb8+ Kf7 30. Bg3 Nc3 31. Bd6 Ne4 32. Bg3 Rd7 33. Ra8 Rb7 34. Rb8 Rxb8 35. Bxb8 Bf8 36. a4 Nc3 37. Nd2 Nxa4 38. Bc7 Bb4 39. Nc4 Nc3 40. Bxa5 Bxa5 41. Nxa5 h5 42. Nc4 g5 43. f3 Nd5 44. Kf2 Ne7 45. g3 Kg6 46. e4 f5 47. Ke3 fxe4 48. fxe4 Kf6 49. Nb6 g4 50. Nd7+ Kf7 51. Nc5 Kf6 52. Nd3 Ng6 53. Nf4 Nxf4 54. Kxf4 Kg6 55. Ke5 Kf7 56. Kd6 Kf6 57. Kd7 1-0

[Event "Baden-ch Seniors"]
[Site "Badenweiler"]
[Date "2009.06.04"]
[Round "3"]
[White "Westphal, Gerd"]
[Black "Oelze, Joern"]
[Result "0-1"]
[WhiteElo "1572"]
[BlackElo "1854"]
[PlyCount "50"]
[EventDate "2009.06.01"]
[EventType "swiss"]
[EventRounds "9"]
[EventCountry "GER"]
[SourceTitle "EXT 2010"]
[Source "ChessBase"]
[SourceDate "2010.11.25"]
[SourceVersion "1"]
[SourceVersionDate "2010.11.25"]
[SourceQuality "1"]

1. Nf3 g6 2. g3 Bg7 3. Bg2 Nf6 4. d4 0-0 5. 0-0 d5 6. b3 c5 7. e3 Nc6 8. Bb2 Ne4 9. a3 Bg4 10. c3 Ng5 11. Nbd2 e5 12. Qe1 Nh3+ 13. Kh1 exd4 14. cxd4 Re8 15. Qc1 cxd4 16. Nxd4 Nxd4 17. Bxd4 Bxd4 18. exd4 Rc8 19. Qb2 Re2 20. f3 Bf5 21. Rac1 Nf2+ 22. Kg1 Nd3 23. Rxc8 Qxc8 24. Qa2 Qc3 25. Nb1 Qxd4+ 0-1